• 首页
  • 本馆介绍
  • 公告通知
  • 最新文献
  • 馆藏检索
  • 电子资源
  • 读者导购
  • 参考咨询
  • 我的图书馆
  • 登录
  • 详细信息显示
  • 放入我的书架
  • 预约/预借图书
  • 作者相关作品
  • 分类相关作品
  • 丛书相关作品
  • 出版社相关作品

书目信息

  • 表格格式
  • 工作单格式
  • 卡片格式
题名:
现代大地控制测量
    
 
作者: 施一民 著
分册:  
出版信息: 北京   测绘出版社  2008
页数: 284页
开本: 26cm
丛书名:
单 册:
中图分类: P221
科图分类:
主题词: 大地测量--Da Di Ce Liang--控制测量--高等教育--教材
电子资源:
ISBN: 978-7-5030-1870-1
000 00986nam0 22002651 450
001 349510
005 20161010155328.15
010    @a978-7-5030-1870-1@dCNY32.00
100    @a20081016d2008 em y0chiy50 ea
101 0  @achi
102    @aCN@b110000
105    @ay z 000yy
106    @ar
200 1  @a现代大地控制测量@AXian Dai Da Di Kong Zhi Ce Liang@dContemporary geodetic control survey@f施一民编著@zeng
205    @a2版
210    @a北京@c测绘出版社@d2008
215    @a284页@d26cm
300    @a普通高等教育“十一五”国家级规划教材
330    @a本书按照现代测绘科学技术的发展和教学内容现代化的要求来安排组织教学内容,从空间定位及点位的几何表述方面来为GPS、GIS、RS技术打基础,力图使之成为3S技术的理论基础课。
510 1  @aContemporary geodetic control survey@zeng
606 0  @a大地测量@ADa Di Ce Liang@x控制测量@x高等教育@j教材
690    @aP221@v5
701  0 @a施一民@AShi Yi Min@c(测绘学)@4著
801  0 @aCN@bTANGWEI@20160730
905    @b0885375-9@dP221@e232=2@f5
    
    现代大地控制测量=Contemporary geodetic control survey/施一民编著.-2版.-北京:测绘出版社,2008
    284页;26cm
    普通高等教育“十一五”国家级规划教材
    
    ISBN 978-7-5030-1870-1:CNY32.00
    本书按照现代测绘科学技术的发展和教学内容现代化的要求来安排组织教学内容,从空间定位及点位的几何表述方面来为GPS、GIS、RS技术打基础,力图使之成为3S技术的理论基础课。
●
相关链接 在E读中查询图书 在五车中查询图书 在当当中查询图书 在豆瓣中查询图书


正题名:现代大地控制测量     索取号:P221/232=2         预约/预借

序号 登录号 条形码 馆藏地/架位号 状态 备注
1 0885375   208853757   第二样本阅览室/ [索取号:P221/232=2] 在馆    
2 0885376   208853766   第三借阅区/ [索取号:P221/232=2] 在馆    
3 0885377   208853775   第三借阅区/ [索取号:P221/232=2] 在馆    
4 0885378   208853784   第三借阅区/ [索取号:P221/232=2] 在馆    
5 0885379   208853793   第三借阅区/ [索取号:P221/232=2] 在馆    
唐山师范学院图书馆 欢迎您!
大连网信软件有限公司© 版权所有